Жития византийских святых эпохи иконоборчества (Запись № 9843994)

Подробности
000 -МАРКЕР
контрольное поле 01071nam1a2200253 i 4500
001 - ИДЕНТИФИКАТОР ЗАПИСИ
контрольное поле RU\NLR\BIBL_A\010725699
005 - ИДЕНТИФИКАТОР ВЕРСИИ
контрольное поле 20260405144704.0
035 ## - ДРУГИЕ СИСТЕМНЫЕ НОМЕРА
Идентификатор записи (NLR Aleph) 010725699
100 ## - ДАННЫЕ ОБЩЕЙ ОБРАБОТКИ
Данные общей обработки 20150306g20159999u y0rusy50 ca
101 0# - ЯЗЫК РЕСУРСА
Язык текста, звукозаписи и т.д. русский
102 ## - СТРАНА ПУБЛИКАЦИИ ИЛИ ПРОИЗВОДСТВА
Страна публикации Российская Федерация
105 ## - ПОЛЕ КОДИРОВАННЫХ ДАННЫХ: ТЕКСТОВЫЕ МАТЕРИАЛЫ, МОНОГРАФИЧЕСКИЕ
Кодированные данные о монографическом текстовом документе agc|z|||001yy
200 1# - ЗАГЛАВИЕ И СВЕДЕНИЯ ОБ ОТВЕТСТВЕННОСТИ
Основное заглавие Жития византийских святых эпохи иконоборчества
Сведения, относящиеся к заглавию [переводы с греческого
Первые сведения об ответственности сост., вступ. ст., библиогр., указ. Т.А. Сениной (монахини Кассии)
210 ## - ПУБЛИКАЦИЯ, РАСПРОСТРАНЕНИЕ И ДР.
Место издания, распространения и т.д. Санкт-Петербург
Имя издателя, распространителя и т. д. Квадривиум [и др.]
Дата издания, распространения и т.д. 2015
225 1# - СЕРИЯ
Основное заглавие серии Seria Byzantina
606 1# - НАИМЕНОВАНИЕ ТЕМЫ КАК ПРЕДМЕТ
Наименование темы Святые византийские
Системный номер авторитетной/нормативной записи 2065993
Идентификатор авторитетной/нормативной записи RU\NLR\AUTH\661240537
686 2# - ИНДЕКСЫ ДРУГИХ КЛАССИФИКАЦИЙ
Индекс Э372.21-574
702 #0 - ИМЯ ЛИЦА - ВТОРИЧНАЯ ОТВЕТСТВЕННОСТЬ
Код отношения Составитель
Графика поля Кириллица
Материалы, к которым относится поле rus
Начальный элемент ввода Кассия
Дополнения к именам, кроме дат Сенина, Татьяна Анатольевна
-- монахиня
Даты 1972-
Системный номер авторитетной/нормативной записи 43180
Идентификатор авторитетной/нормативной записи RU\NLR\AUTH\7760249
852 ## - МЕСТОНАХОЖДЕНИЕ И ШИФР ХРАНЕНИЯ
Идентификатор организации NLR
Шифр хранения (Call Number) 2015-5/2820
942 ## - ДОПОЛНИТЕЛЬНЫЕ ЭЛЕМЕНТЫ ЗАПИСИ (АБИС)
Тип экземпляра АБИС Книга

Нет доступных экземпляров.